[Event "SVK-chT2D 2223"]
[Site "Slovakia"]
[Date "2022.11.27"]
[Round "6.6"]
[White "Body, Stefan"]
[Black "Moravek, Imrich"]
[Result "0-1"]
[WhiteElo "1779"]
[BlackElo "1830"]
[PlyCount "92"]
[EventDate "2022.10.08"]
[EventType "team-tourn"]
[EventRounds "11"]
[EventCountry "SVK"]
[SourceTitle "EXT 2024"]
[Source "ChessBase"]
[SourceDate "2023.10.10"]
[SourceVersion "1"]
[SourceVersionDate "2023.10.10"]
[SourceQuality "1"]
[WhiteTeam "Poprad LS VD"]
[BlackTeam "Margecany"]
[WhiteTeamCountry "SVK"]
[BlackTeamCountry "SVK"]

1. d4 c6 2. c4 d5 3. Nf3 Nf6 4. Nc3 e6 5. Bg5 Be7 6. e3 Nbd7 7. Rc1 h6 8. Bh4 dxc4 9. Bxc4 b5 10. Bb3 Bb7 11. 0-0 a5 12. a3 Rc8 13. Qe2 Qb6 14. Rfd1 Ba6 15. Qd2 0-0 16. e4 Qd8 17. Re1 Re8 18. Ba2 b4 19. axb4 axb4 20. Na4 Bb5 21. b3 Ra8 22. e5 Nd5 23. Bxe7 Qxe7 24. Nc5 Nc3 25. Rc2 Nxc5 26. dxc5 Red8 27. Qf4 Rxa2 28. Rxa2 Nxa2 29. Nd2 Qg5 30. Qxg5 hxg5 31. Ne4 Nc3 32. Nd6 Ra8 33. g3 Ra3 34. Kg2 Rxb3 35. Re3 Rb1 36. h4 g4 37. f4 Rb2+ 38. Kg1 Rb1+ 39. Kg2 Bf1+ 40. Kg1 Bh3+ 41. Kh2 Rb2+ 42. Kh1 Re2 43. Rd3 Re1+ 44. Kh2 Nd1 45. Ne4 Rxe4 46. Rxd1 Rc4 0-1

[Event "SVK-chT2D 1617"]
[Site "Slovakia"]
[Date "2016.10.09"]
[Round "2.8"]
[White "Moravek, Imrich"]
[Black "Varga, Lukas"]
[Result "1/2-1/2"]
[WhiteElo "1753"]
[BlackElo "1882"]
[PlyCount "41"]
[EventDate "2016.10.08"]
[EventType "team-tourn"]
[EventRounds "11"]
[EventCountry "SVK"]
[SourceTitle "EXT 2018"]
[Source "ChessBase"]
[SourceDate "2017.10.13"]
[SourceVersion "1"]
[SourceVersionDate "2017.10.13"]
[SourceQuality "1"]
[WhiteTeam "Margecany II"]
[BlackTeam "Kosice Slavia UPJS III"]
[WhiteTeamCountry "SVK"]
[BlackTeamCountry "SVK"]

1. e4 c5 2. f4 e6 3. Nf3 Ne7 4. c3 d5 5. e5 Nbc6 6. Bb5 Bd7 7. Ba4 Nf5 8. Bc2 Be7 9. Bxf5 exf5 10. d3 Be6 11. a4 h6 12. Na3 a6 13. Nc2 d4 14. c4 0-0 15. Bd2 Na5 16. Bxa5 Qxa5+ 17. Qd2 Qc7 18. 0-0 b6 19. Rfb1 Rfb8 20. b4 a5 21. b5 1/2-1/2

[Event "SVK-chT2D 0607"]
[Site "Slovakia"]
[Date "2007.01.13"]
[Round "7.1"]
[White "Fedorko, Stefan"]
[Black "Moravek, Imrich"]
[Result "1-0"]
[WhiteElo "2094"]
[BlackElo "1782"]
[PlyCount "65"]
[EventDate "2006.10.14"]
[EventType "team-tourn"]
[EventRounds "11"]
[EventCountry "SVK"]
[SourceTitle "EXT 2008"]
[Source "ChessBase"]
[SourceDate "2007.11.25"]
[SourceVersion "1"]
[SourceVersionDate "2007.11.25"]
[SourceQuality "1"]
[WhiteTeam "Bardejov BSK"]
[BlackTeam "Margecany OSK II"]
[WhiteTeamCountry "SVK"]
[BlackTeamCountry "SVK"]

1. d4 Nf6 2. c4 g6 3. Nc3 Bg7 4. e4 0-0 5. Be2 d6 6. h4 h5 7. f3 c5 8. d5 Nbd7 9. g4 Ne5 10. Bf4 Qb6 11. Bxe5 dxe5 12. Rb1 e6 13. Nh3 exd5 14. cxd5 Qb4 15. Nf2 Bd7 16. Rg1 Qd4 17. Qd2 Qxd2+ 18. Kxd2 Ne8 19. gxh5 gxh5 20. Nd3 Kh7 21. Nxc5 Bh6+ 22. Kc2 Bc8 23. Nd3 f6 24. f4 exf4 25. Bxh5 Nd6 26. b3 Bd7 27. Rbf1 Rac8 28. Nxf4 Nb5 29. Bg6+ Kh8 30. Nfe2 Be3 31. Rg3 Nxc3 32. Nxc3 Bd4 33. Bf5 1-0